[Event "POL-ch 62nd"]
[Site "Poznan"]
[Date "2005.04.25"]
[Round "5"]
[White "Szelag, Marcin"]
[Black "Wojtaszek, Radoslaw"]
[Result "0-1"]
[WhiteElo "2497"]
[BlackElo "2569"]
[Annotator "Ftacnik,L"]
[PlyCount "72"]
[EventDate "2005.04.21"]
[EventType "tourn"]
[EventRounds "13"]
[EventCountry "POL"]
[EventCategory "12"]
[SourceTitle "CBM 107"]
[Source "ChessBase"]
[SourceDate "2005.08.01"]
[SourceVersion "1"]
[SourceVersionDate "2005.08.01"]
[SourceQuality "1"]

1. e4 c5 2. Nf3 d6 3. d4 cxd4 4. Nxd4 Nf6 5. Nc3 a6 6. Be3 e5 7. Nb3 Be6 8. f3
Nbd7 9. g4 b5 10. g5 b4 11. Ne2 Nh5 12. Ng3 Nf4 13. h4 h6 14. gxh6 (14. Rg1
hxg5 15. hxg5 g6 16. Qd2 Be7 17. O-O-O Bxg5 18. Kb1 Nh3 19. Rh1 Bxe3 20. Qxe3
Ke7 21. Bxh3 Bxh3 22. Qg5+ Nf6 {1/2-1/2 Baramidze,D-Overbeck,T/Willingen 2001/
(32)}) (14. Bxf4 exf4 15. Nh5 hxg5 16. hxg5 Rh7 17. g6 fxg6 18. Nxf4 Rxh1 19.
Nxe6 Qh4+ 20. Kd2 Qf2+ 21. Qe2 Qxe2+ 22. Bxe2 Rxa1 23. Nc7+ Kd8 24. Nxa8 Rh1
25. Nd4 {1/2-1/2 Nyysti,S-Maki Uuro,M/Helsinki 2002/ (27)}) 14... Rxh6 15. Qd2
Rxh4 16. Rg1 $2 {Very dubious novelty, white is hoping to complicate matters.
Black has good pieces and control in the position.} (16. O-O-O Rxh1 17. Nxh1 a5
18. Nd4 g5 (18... exd4 19. Bxf4 Bxa2 $17) 19. Nb5 Rc8 {1/2-1/2 Wiersma,
E-Gurevich,V/Germany 2002/ (19)}) 16... g6 (16... d5 17. Nd4 exd4 18. Bxf4 dxe4
19. fxe4 $15) 17. Qxb4 Nd5 $1 {[%mdl 32] Original excellent strategical idea,
without dark squared bishop white's chances are much diminished.} 18. Qd2 (18.
exd5 Rxb4 19. dxe6 fxe6 $19) 18... Nxe3 19. Qxe3 Rh2 (19... Qc7 20. Qd3 Bh6 $17
) 20. Qd3 (20. Rg2 Bh6 21. Qf2 Rxg2 22. Bxg2 a5 $17) 20... Qb6 21. Rg2 Rxg2 22.
Bxg2 Be7 23. Nf1 {Szelag is struggling to put his house in order, he could not
not even have made a castling move.} (23. Ne2 Bh4+ 24. Kd2 Bg5+ 25. Ke1 Nc5 $19
) (23. O-O-O $2 Qf2 $19) 23... Bh4+ 24. Kd2 Rc8 25. Ne3 Bg5 26. Re1 a5 (26...
Bc4 27. Qc3 Rc7 28. Qa5 Bxe3+ 29. Rxe3 Bxb3 30. Qxb6 Rxc2+ 31. Kd1 Nxb6 32.
Rxb3 Rxg2 33. Rxb6 Ke7 34. a4 a5 35. Rb5 Rf2 $17) 27. Kc1 a4 28. Nd2 Bxa2 29.
Nd5 (29. Bf1 Bb3 30. Nxb3 axb3 31. c3 Qa7 32. Re2 Nc5 33. Qb1 Ne6 34. Kd2 Nd4
$19) 29... Nc5 $1 {No wonder that final tactical squirmish will end in bitter
tears for white.} 30. Qc3 (30. Qf1 Bxd5 31. exd5 Nb3+ $19) (30. Nxb6 Nxd3+ 31.
Kd1 Nxb2+ 32. Kc1 Nd3+ 33. Kd1 Rxc2 34. Kxc2 Nxe1+ $19) 30... Bxd5 31. exd5
Nb3+ 32. cxb3 Rxc3+ 33. bxc3 Bxd2+ (33... Qf2 34. Rd1 axb3 $19) 34. Kxd2 Qf2+
35. Re2 Qxe2+ 36. Kxe2 a3 0-1

[Event "EU-Cup 32nd"]
[Site "Novi Sad"]
[Date "2016.11.09"]
[Round "4.2"]
[White "Eljanov, Pavel"]
[Black "Oparin, Grigoriy"]
[Result "1-0"]
[WhiteElo "2757"]
[BlackElo "2621"]
[Annotator "Ftacnik,L"]
[PlyCount "75"]
[EventDate "2016.11.06"]
[EventType "team-swiss"]
[EventRounds "7"]
[EventCountry "SRB"]
[SourceTitle "CBM 176"]
[Source "ChessBase"]
[SourceDate "2017.01.17"]
[SourceVersion "1"]
[SourceVersionDate "2017.01.17"]
[SourceQuality "1"]
[WhiteTeam "Alkaloid"]
[BlackTeam "Zhiguli"]
[WhiteTeamCountry "MKD"]
[BlackTeamCountry "RUS"]

1. e4 c5 2. Nf3 d6 3. d4 cxd4 4. Nxd4 Nf6 5. Nc3 a6 6. h3 e5 7. Nde2 h5 8. Bg5
{The bishop move is fighting for the supremacy with a completely different
plan starting with 8.g3. White will be happy to part with the bishop pair in
order to firmly occupy the d5-square.} (8. g3) 8... Be6 9. Bxf6 Qxf6 10. Nd5
Qd8 11. Qd3 {Eljanov is trying to steer clear from the main line, which is
represented by the move 11.Nec3. Ever since the days of the Sveshnikov Black
players have not been terrified by the mighty knight on d5.} (11. Nec3) 11...
Nd7 (11... Nc6 12. O-O-O g6 13. Kb1 (13. g3 Bg7 14. h4 Qa5 15. Kb1 O-O-O 16.
Bg2 Kb8 17. a3 Qc5 18. Rhf1 f5 19. Nec3 Qa5 {1/2-1/2 (19) Alonso,S (2512)
-Mareco,S (2585) Mar del Plata 2014}) 13... Rc8 (13... Bg7 14. f4 (14. h4 Rc8
15. g3 b5 16. Bh3 O-O 17. c3 Na5 18. f4 Bxh3 19. Rxh3 exf4 20. gxf4 Nc4 21. Ng3
b4 22. Nxh5 Nxb2 23. Kxb2 bxc3+ 24. Kc2 Qa5 25. Nhf6+ Kh8 26. Qe3 Qxa2+ $19 {
0-1 (29) Oparin,G (2563)-Gelfand,B (2731) Moscow 2015}) 14... Bxd5 15. Qxd5
exf4 16. Nxf4 Qf6 17. Nd3 O-O 18. Be2 Nd4 19. Rdf1 Qe6 20. Qxe6 fxe6 21. Bd1
Rxf1 22. Rxf1 Rf8 23. Rxf8+ Kxf8 $11 {1/2-1/2 (31) Saric,I (2638)-Wojtaszek,R 
(2717) Istanbul 2012}) 14. a3 Bg7 (14... b5 15. g3 Bg7 16. h4 Bxd5 17. Qxd5 Qb6
18. f3 O-O 19. g4 Qf2 20. Qd3 hxg4 21. fxg4 Nd4 22. Nxd4 exd4 23. Qd2 Qxd2 24.
Rxd2 Be5 $11 {1/2-1/2 (61) Kjartansson,G (2438)-Bekker Jensen,S (2473) Runavik
2016}) 15. h4 O-O 16. g3 Na5 17. Nec3 b5 18. Bh3 Nc6 19. f4 exf4 20. gxf4 Na5
21. f5 Bxd5 22. Nxd5 $18 {1-0 (39) Bacrot,E (2692)-Gelfand,B (2731) Ashdod 2015
}) (11... g6 12. O-O-O Bh6+ 13. Kb1 O-O 14. g3 Nd7 15. Nec3 b5 16. a3 Nb6 17.
h4 Rc8 18. Bh3 Nxd5 19. Nxd5 Rc5 20. Nc3 Rc6 21. f4 Bc4 22. Qf3 exf4 23. gxf4
$11 {0-1 (37) Handke,F (2515)-Aravindh,C (2566) London 2016}) 12. O-O-O g6 13.
Kb1 Nc5 {The knight is forcing the white queen to show its "cards" and declare
where it plans to try to do some harm.} (13... Rc8 14. Nec3 (14. g3 Bg7 15.
Nec3 b5 16. Qe3 O-O 17. h4 Nc5 18. Bh3 Bxh3 19. Rxh3 Ne6 20. Rhh1 Rc4 21. a3
Nd4 22. g4 a5 23. b3 Rc5 24. gxh5 b4 25. h6 Bh8 26. h7+ Kxh7 27. h5 g5 $11 {
1/2-1/2 (44) Ganguly,S (2668)-Nepomniachtchi,I (2767) Doha 2016}) 14... Rc5 15.
Be2 b5 $6 (15... Bg7) (15... Bh6) 16. a3 (16. f4 $1 exf4 17. Qd4 $1 Rh7 18.
Nxf4 $16) 16... Nb6 17. g4 hxg4 (17... Bxd5 18. exd5 hxg4 19. hxg4 Rxh1 20.
Rxh1 Bg7 21. Ne4 $1 Rxd5 22. Qc3 $36) 18. Nxb6 (18. hxg4 $5 Rxh1 19. Rxh1 Bxd5
20. exd5) 18... Qxb6 19. hxg4 Rxh1 20. Rxh1 Bg7 21. Qe3 Qb7 (21... a5 $2 22. b4
$1 $18) (21... Rc6 $5) 22. Rd1 Qc7 23. g5 $1 $14 {1-0 (74) Anand,V (2796)
-Topalov,V (2803) London 2015}) 14. Qf3 (14. Qe3 Bh6 15. f4 Bxd5 16. Rxd5 Qe7
17. g3 O-O 18. Bg2 Rfe8 19. Nc3 Ne6 20. Ne2 Rac8 21. Qf2 exf4 22. gxf4 $11 {
1/2-1/2 (33) Sidhant,M (2259)-Sunilduth Lyna,N (2515) Noida 2016}) 14... Bg7
15. Nec3 b5 16. Ne3 (16. Be2 Rb8 17. a3 Bd7 18. Qe3 a5 19. b4 Ne6 20. g3 Nd4
21. Bd3 Be6 22. f4 axb4 23. axb4 Ra8 24. f5 gxf5 25. exf5 Nxf5 26. Bxf5 Bxf5
$11 {1/2-1/2 (65) Ganguly,S (2648)-Giri,A (2784) Doha 2015}) 16... O-O 17. g4
$6 {Eljanov is taking a great risk, since his whole structure is based on
control of the white squares. The advance of the g-pawn is stepping over the
acceptable level.} (17. a3 Qb8 18. Ned5 Qb7 $15) 17... h4 $1 18. Rg1 Qg5 $2 {
Oparin is nervous about the possible advance of White's g-pawn. It was much
better to prevent it with the help of the bishop move.} (18... Bf6 $1 19. Nf5
Bg5 20. Be2 (20. Rxd6 Qa5 21. Be2 Rad8 22. Rgd1 Rxd6 23. Nxd6 Rd8 $17) 20...
Qc7 21. Nxd6 Rad8 22. Nf5 Na4 $17) 19. Rxd6 Rfd8 20. Rc6 {At the chess board
it is next to impossible to decide, if the swap of the rooks on d8 is more
exact than doing the same on c8.} (20. Rxd8+ Rxd8 21. Ncd5 Bc8 22. Bd3 Bb7 23.
Rd1 $14) 20... Rac8 21. Rxc8 Bxc8 22. Bg2 Rd4 (22... Bb7 23. Ned5 a5 $11) 23.
Rd1 $6 {Strictly speaking the rook move is inaccurate. White could have
obtained some advantage after the knight move to d5.} (23. Ned5 Bb7 24. Qe3 Ne6
25. Ne2 $14) 23... Bb7 (23... b4 $1 24. Ncd5 Bb7 25. Rxd4 exd4 26. Nc4 Bxd5 27.
exd5 Bh6 28. Qd1 Qf4 $11) 24. Ncd5 Rxe4 $2 {Black is becoming nervous or too
ambitious. Objectively the best approach was to tame down the advance of the
white c-pawn with b4.} (24... b4 $1 $11) 25. c3 Bxd5 $2 {For some reason the
defender is in a panic. Without the light squared bishop Black will not be
able to fight on.} (25... Ra4 26. Qe2 Ne6 27. Qd2 $16) 26. Nxd5 a5 (26... Rc4
27. b3 e4 28. Qe3 Qxe3 29. fxe3 $16) 27. a3 $1 Qd8 (27... Ra4 28. Qe2 Rc4 29.
f4 exf4 30. Qe8+ Bf8 31. Qxb5 $18) 28. b4 {Eljanov could have won even without
exposing his queenside pawns.} (28. Bf1 $5 a4 29. Bxb5 $18) 28... axb4 29. axb4
Rc4 30. Ne3 (30. bxc5 Rxc5 31. Qe3 $18) 30... Qc7 31. Qc6 {White has not been
able to find the most exact idea with the knight move to d5.} (31. Qa8+ Kh7 32.
Nd5 Qd6 33. Bf1 $18) 31... Ne4 $2 (31... Qxc6 32. Bxc6 Rxc3 33. bxc5 Bf8 34.
Rc1 Rxc1+ 35. Kxc1 b4 36. Nc4 Bxc5 37. Nxe5 Bxf2 38. Bd5 $18) 32. Qa8+ Kh7 33.
Bxe4 Rxc3 34. Kb2 $1 $18 {Black might have missed this fine move; the black
pieces are starved of good squares.} Rc4 (34... Qc8 35. Qxc8 Rxc8 36. Rd7 Rf8
37. Kb3 $18) 35. Nxc4 Qxc4 36. Qd5 Qxb4+ 37. Kc2 Qa3 38. f3 {The final touch
is denying Black the last possible counterplay.} (38. g5 Qa7 39. Rd2 $18) 1-0

[Event "RUS-chT 12th"]
[Site "Sochi"]
[Date "2005.04.19"]
[Round "1"]
[White "Potkin, Vladimir"]
[Black "Najer, Evgeniy"]
[Result "0-1"]
[WhiteElo "2552"]
[BlackElo "2615"]
[Annotator "Ftacnik,L"]
[PlyCount "66"]
[EventDate "2005.04.19"]
[EventType "team-tourn"]
[EventRounds "11"]
[EventCountry "RUS"]
[SourceTitle "EXT 2020"]
[Source "ChessBase"]
[SourceDate "2019.10.17"]
[SourceVersion "1"]
[SourceVersionDate "2019.10.17"]
[SourceQuality "1"]
[WhiteTeam "Nizhny Tagil Politekhnik"]
[BlackTeam "Saransk TPS"]
[WhiteTeamCountry "RUS"]
[BlackTeamCountry "RUS"]

1. e4 c5 2. Nf3 d6 3. d4 cxd4 4. Nxd4 Nf6 5. Nc3 a6 6. f3 e5 7. Nb3 Be6 8. Be3
Nbd7 9. g4 Nb6 10. g5 Nh5 11. Qd2 Rc8 12. O-O-O Be7 13. Na5 O-O (13... Qc7 14.
h4 Ng3 15. Rg1 Nxf1 16. Rgxf1 O-O 17. Kb1 Nd7 18. Nb3 b5 19. f4 exf4 20. Bxf4
Ne5 21. Nd5 Bxd5 22. exd5 Nc4 23. Qh2 {1-0 Motylev,A-Efimenko,Z/Moscow 2005/ 
(43)}) 14. h4 Qc7 {Najer decided not to take the bishop on f1 as it promiessed
Motylev advantage in Moscow game.} (14... Ng3 15. Rg1 Nxf1 16. Rgxf1 $13) 15.
Rh2 Rfd8 16. Nd5 (16. Bxb6 $6 Qxb6 17. Nd5 Bxd5 18. exd5 Nf4 19. Nc4 Qc5 $15)
16... Nxd5 17. exd5 Bf5 18. Nc4 Rf8 19. Nb6 $6 {The second player will manage
to prove, that the knight on b6 is not so harmful for his plans.} (19. Bb6 Qd7
20. Ne3 Bd8 $11) 19... Rce8 20. Bd3 Bxd3 21. Qxd3 f5 22. Qb3 (22. gxf6 Rxf6 23.
Qe4 Ref8 $15) (22. Kb1 Bd8 23. g6 h6 24. Nc4 b5 $11) 22... Bd8 23. Rhd2 f4 24.
Bf2 Ng3 25. Rd3 (25. Bxg3 fxg3 26. Na4 Qf7 27. Nc3 Ba5 $15) (25. Re1 e4 26.
fxe4 Nxe4 27. Qa4 Nc5 28. Qxe8 Rxe8 29. Rxe8+ Kf7 30. Na8 Qa5 $15) 25... e4 $1
{Suddenly Potkin has to admit, that opponent's pieces occupy very promising
squares.} 26. fxe4 Nxe4 27. Bd4 Qf7 (27... Ng3 28. Kb1 Nf5 29. Nc4 $13) 28. Qa4
$2 {Unfortunate queen move will only make matters worse for white.} (28. Rf3
Qh5 29. Qd3 (29. Rfd3 f3 $17) 29... Bxb6 30. Bxb6 Qxh4 $15) 28... Bxb6 $1 29.
Bxb6 f3 30. Rf1 f2 31. b3 (31. Qb4 Qf4+ 32. Re3 Qxh4 33. g6 Qg5 $19) 31... Nc3
$1 32. Rxf2 (32. Rxc3 Re1+ 33. Kb2 Rxf1 34. Ka3 Rd1 $19) 32... Qxf2 33. Qxe8 (
33. Bxf2 Nxa4 $19) 33... Qf1+ 0-1

[Event "RUS-chT 12th"]
[Site "Sochi"]
[Date "2005.04.27"]
[Round "9"]
[White "Akopian, Vladimir Eduardovic"]
[Black "Efimenko, Zahar"]
[Result "1-0"]
[WhiteElo "2703"]
[BlackElo "2620"]
[Annotator "Ftacnik,L"]
[PlyCount "71"]
[EventDate "2005.04.19"]
[EventType "team-tourn"]
[EventRounds "11"]
[EventCountry "RUS"]
[SourceTitle "EXT 2020"]
[Source "ChessBase"]
[SourceDate "2019.10.17"]
[SourceVersion "1"]
[SourceVersionDate "2019.10.17"]
[SourceQuality "1"]
[WhiteTeam "Sverdlovsk Ural region"]
[BlackTeam "Togliatti Lada"]
[WhiteTeamCountry "RUS"]
[BlackTeamCountry "RUS"]

1. e4 c5 2. Nf3 d6 3. d4 cxd4 4. Nxd4 Nf6 5. Nc3 a6 6. Be3 e5 7. Nb3 Be6 8. f3
Nbd7 9. g4 Nb6 10. g5 Nh5 11. Qd2 Be7 12. O-O-O O-O 13. Rg1 Rc8 14. Kb1 Qc7 15.
h4 g6 16. Qf2 Bd8 17. Rg2 Nc4 (17... Nd7 18. Qd2 Be7 19. Nd5 Bxd5 20. Qxd5 b5
21. Qd2 Nb6 22. Qa5 Na4 23. Rgd2 Qb7 24. c4 {1-0 Pedersen,C-Bogner,S/Gausdal
2005/ (79)}) 18. Bxc4 Bxc4 19. Qd2 $1 {[%mdl 4] Critical position for the 16...
Bd8 line, white is suddenly achieving excellent results here.} (19. f4 exf4 20.
Bxf4 Nxf4 21. Qxf4 f6 22. Qd2 fxg5 23. hxg5 Qe7 24. Re1 Re8 25. Nd5 Bxd5 26.
Qxd5+ Qf7 27. Qxd6 {1-0 Asrian,K-Shanava,K/Yerevan 2004/ (35)}) 19... f6 (19...
Be7 20. Na4 (20. Nd5 Bxd5 21. Qxd5 b5 22. Rc1 Qd7 23. Rh2 Qe6 24. Rd1 Qxd5 25.
Rxd5 f6 26. Nd2 {1-0 Mkrtchian,L-Andriasian,S/Yerevan 2005/ (45)}) 20... b5 21.
Nb6 Rb8 22. Nd5 Bxd5 23. Qxd5 Kh8 24. Rf2 Rbc8 25. Rd3 {1-0 Yegiazarian,
A-Khismatullin,D/Moscow 2005/ (60)}) 20. Qxd6 Qxd6 (20... fxg5 21. Qxc7 Rxc7
22. hxg5 Bxb3 (22... Rcf7 23. Nd2 Be6 24. Nd5 $16) 23. axb3 Rcf7 24. Rgd2 Rxf3
25. Rxd8 Rxe3 26. Rxf8+ Kxf8 27. Rd8+ Ke7 28. Rb8 Re1+ 29. Ka2 b5 $13) 21. Rxd6
fxg5 22. Bxg5 Bc7 {Efimenko had to make a difficult choice between 22...Bxg5
and the text move, in both cases white enjoys better chances.} (22... Bxg5 23.
Rxg5 Rxf3 24. Rxe5 Rh3 25. Na5 Rxh4 26. Nxc4 Rxc4 27. Re7 Rh1+ 28. Nd1 Rc8 $14)
23. Rd1 Bxb3 (23... Rxf3 24. Nd2 Rxc3 25. bxc3 Be6 26. Nb3 $14) 24. axb3 Rxf3
25. Rd7 Rf7 $6 {For the purpose of counterplay on the queenside it made sense
to send the white king to a2.} (25... Rf1+ $5 26. Ka2 Rf7 27. Rgd2 Ba5 $5 28.
Rxf7 Kxf7 29. Rd7+ Ke6 30. Rxb7 Bxc3 31. bxc3 Ng3 32. Re7+ Kd6 33. Rxh7 Rxc3
$14) 26. Rgd2 b5 (26... Ba5 27. Rxf7 Kxf7 28. Rd7+ Ke6 29. Rxb7 Bxc3 30. bxc3
Ng3 31. Re7+ Kd6 32. Rxh7 Rc7 (32... Nxe4 33. Rg7 Nxg5 34. hxg5 Ke6 35. Rxg6+
Kf5 36. Rxa6 $16) 33. Rh8 Nxe4 34. Rg8 $16) 27. Rxf7 Kxf7 28. Rd7+ Ke6 (28...
Kg8 29. Nd5 $18) 29. Re7+ Kd6 30. Rxh7 Nf4 (30... Ng3 31. Rg7 $18) 31. b4 $5 {
Akopian improves his position and shows no hurry in realizing his serious
advantage.} Bb6 (31... Kc6 32. Rg7 Rh8 33. Bxf4 exf4 34. Rxg6+ Kd7 35. Nd5 Be5
36. Rg5 Ke6 37. h5 $18) (31... Rg8 32. Rf7 Ne6 33. Be7+ Kc6 34. Nd5 Bd6 35. Bg5
$16) 32. Rf7 Ne6 (32... Bd8 33. Ra7 Bxg5 34. Rxa6+ Kd7 35. hxg5 Rc4 36. Rb6
Rxb4 37. b3 $16) 33. Be7+ Kc6 34. Nd5 Bd8 (34... Bd4 35. c3 Bg1 36. Rf6 Kd7 37.
Rxg6 $18) 35. Rf6 Kd7 36. Rxg6 {Perfection often seems easy, white has won
without much visible effort.} (36. Rxg6 Bxe7 37. Nb6+ Kd8 38. Nxc8 $18) 1-0

[Event "Paris NAO GM 4th"]
[Site "Paris"]
[Date "2004.12.23"]
[Round "9"]
[White "Vachier Lagrave, Maxime"]
[Black "David, Alberto"]
[Result "1-0"]
[WhiteElo "2493"]
[BlackElo "2573"]
[Annotator "Ftacnik,L"]
[PlyCount "57"]
[EventDate "2004.12.15"]
[EventType "tourn"]
[EventRounds "9"]
[EventCountry "FRA"]
[EventCategory "10"]
[SourceTitle "CBM 105"]
[Source "ChessBase"]
[SourceDate "2005.04.11"]
[SourceVersion "1"]
[SourceVersionDate "2005.04.11"]
[SourceQuality "1"]

1. e4 c5 2. Nf3 d6 3. d4 cxd4 4. Nxd4 Nf6 5. Nc3 a6 6. Be3 e5 7. Nb3 Be6 8. f3
Nbd7 9. Qd2 b5 10. O-O-O Nb6 11. Qf2 Nc4 12. Bxc4 bxc4 13. Nc5 Be7 14. g4 O-O {
David might have not known about the great shot 14...Bxg4!? winning a pawn
with good chances for black.} (14... Bxg4 $5 15. N5a4 Be6 16. Rhg1 g6 17. Nb6
Rb8 18. Ncd5 Bxd5 19. Nxd5 Nxd5 20. Rxd5 Rb5 21. Qd2 Qc7 22. Bh6 Rxb2 {0-1
Illes,S-Stanescu,C/Miercurea Ciuc 2002/ (23)}) 15. h4 Qc7 (15... Bxg4 $2 16.
fxg4 Nxg4 17. Qg3 Nxe3 18. Qxe3 Qb6 19. Nd5 $18) 16. N5a4 (16. Nxe6 fxe6 17.
Qg3 Rab8 $132) 16... Rab8 17. g5 Nd7 (17... Nh5 $5 18. f4 exf4 19. Bxf4 Nxf4
20. Qxf4 Qc6 21. a3 $13) 18. Qd2 Qc6 19. h5 f5 {A typical reaction to the
threat of suffocation under the impact of the pawns on g5,h5 squares.} (19...
Rb4 $2 20. Nd5 $18) 20. g6 f4 (20... h6 21. Bxh6 $1 f4 (21... fxe4 22. Bg5 Bxg5
23. Qxg5 exf3 24. h6 $18) 22. Bxg7 Kxg7 23. h6+ Kxg6 24. Qg2+ Kf7 25. Qg7+ Ke8
26. h7 Bf6 27. h8=Q Bxg7 28. Qxg7 $14) 21. gxh7+ Kh8 22. Bf2 Rfd8 (22... Rb7
23. Bh4 Nf6 24. Qg2 $16) 23. Rdg1 Rb7 24. h6 (24. Rh2 Rdb8 25. Rhg2 Bf6 26. Rd1
$14) 24... g5 25. Bh4 $2 (25. Kb1 Rdb8 26. Ka1 $14) 25... gxh4 $2 {[%mdl 64]
Strange comedy of errors, white became too optimistic with 25.Bh4? and black
surprisingly complied, enabling nice mating combination.} (25... Nb6 $1 26.
Bxg5 (26. Nxb6 Qxb6 27. Na4 Qc6 28. Rxg5 Qxa4 29. Qg2 Bxg5 30. Qxg5 Qxa2 31.
Qxd8+ Kxh7 32. Bf6 Qxb2+ 33. Kd2 Qd4+ $19) (26. Rxg5 Nxa4 (26... Bxg5 27. Bxg5
Nxa4 28. Bxd8 $16) 27. Rg7 Bxh4 28. Rxh4 Nxc3 29. Qxc3 Qb6 30. Rxb7 Qxb7 $19)
26... Bxg5 (26... Nxa4 $2 27. Bxe7 Rxe7 28. Qg2 Qd7 29. Nxa4 $18) 27. Nxb6 Qxb6
28. Na4 Qb4 29. Rxg5 Qxa4 30. a3 Rxb2 $19) 26. Qg2 Bf6 27. Qg7+ $1 Bxg7 28.
hxg7+ Kxh7 29. g8=Q+ 1-0

[Event "Petrosian Memorial Internet"]
[Site "ICC INT"]
[Date "2004.12.23"]
[Round "6"]
[White "Svidler, Peter"]
[Black "Bu, Xiangzhi"]
[Result "1-0"]
[WhiteElo "2735"]
[BlackElo "2615"]
[Annotator "Ftacnik,L"]
[PlyCount "53"]
[EventDate "2004.12.18"]
[EventType "team"]
[EventRounds "6"]
[EventCountry "USA"]
[SourceTitle "CBM 105"]
[Source "ChessBase"]
[SourceDate "2005.04.11"]
[SourceVersion "1"]
[SourceVersionDate "2005.04.11"]
[SourceQuality "1"]

1. e4 c5 2. Nf3 d6 3. d4 Nf6 4. Nc3 cxd4 5. Nxd4 a6 6. Be3 e5 7. Nb3 Be7 8. f3
Be6 9. Qd2 O-O 10. O-O-O Nbd7 11. g4 Qc7 12. Kb1 b5 13. g5 Nh5 14. f4 $5 $146 {
[%mdl 4] There is a great proliferation of the f3-f4 ideas in various lines of
English attack. More often than not black faces new unpleasant problems after
the modification of the pawn structure.} (14. Ne2 Rfc8 (14... Rac8 15. f4 exf4
16. Nxf4 Bxb3 17. axb3 Bxg5 18. Nd5 Bxe3 19. Nxe3 Ndf6 20. Rg1 Qc5 21. b4 Qe5
22. Bd3 Kh8 23. Rdf1 g6 {Vallejo Pons,F-Sutovsky,E/Moscow 2001/ 0-1 (31)}) (
14... Nb6 15. Ng3 g6 16. Bxb6 Qxb6 17. Nxh5 gxh5 18. f4 Bxb3 19. cxb3 exf4 20.
Qxf4 Rfe8 21. Be2 Bf8 22. Bxh5 Qb7 23. Rhf1 {Tiviakov,S-Lobzhanidze,D/Ubeda
1998/ 1-0 (31)}) 15. f4 exf4 16. Nxf4 Nxf4 17. Bxf4 Nc5 18. Nxc5 Qxc5 19. Bg2
b4 20. h4 a5 21. Bh3 a4 22. Bxe6 fxe6 23. Rh3 Rf8 24. a3 bxa3 {1/2-1/2 Socko,
B-Kuczynski,R/Brzeg Dolny 1996/}) 14... exf4 (14... b4 15. Nd5 Bxd5 16. exd5
exf4 17. Bxf4 Nxf4 18. Qxf4 Ne5 19. Nd4 Qc5 20. Bg2 a5 21. h4 a4 $132) 15. Bxf4
Nxf4 16. Qxf4 Ne5 17. Nd4 (17. Nd5 Bxd5 18. Rxd5 b4 19. Nd4 a5 $13) 17... Qc5
18. h4 b4 19. Nd5 Bxd5 20. exd5 a5 $6 {The good move in principle might still
be inferior to the brave 20...Qxd5!? when black has at least a pawn for his
suffering.} (20... Qxd5 $5 21. Bh3 Qc5 22. Rhe1 $13) 21. Bg2 Rfc8 (21... a4 22.
Nc6 Nxc6 23. dxc6 b3 24. cxb3 axb3 25. axb3 Ra6 (25... Qa5 26. Bd5 $14) 26.
Rhf1 Qa7 27. Bd5 $14) 22. Nc6 Bf8 (22... Rc7 23. Be4 a4 24. Rdf1 Bf8 25. Nxe5
dxe5 26. Qf5 g6 27. Qf2 $13) 23. h5 g6 $2 {Bu Xiangzhi believes, that the
bishop on g7 can help avert the disaster. He will be much disappointed in his
hopes.} (23... a4 24. g6 b3 25. cxb3 axb3 26. axb3 $14) 24. hxg6 hxg6 (24...
fxg6 25. Bh3 Re8 26. Qf6 $18) 25. Rh3 Bg7 26. Rdh1 Rc7 (26... Nxc6 27. Qf6 Bxf6
28. gxf6 Qg1+ 29. Rxg1 $18) 27. Qf6 $1 (27. Qf6 $1 Bxf6 28. gxf6 Qg1+ 29. Rxg1
Ng4 30. Rgh1 Nxf6 31. Rh8+ Kg7 32. Rxa8 $18) (27. Qh2 $18) 1-0